| 000 | 00504nam a2200169Ia 4500 | ||
|---|---|---|---|
| 008 | 230917s9999||||xx |||||||||||||| ||und|| | ||
| 020 | _cRS 695.00 | ||
| 040 |
_e5007165 _aMAIN |
||
| 041 | _aEnglish | ||
| 082 | _a371.90460954 S23I | ||
| 100 | _aSharma, Yogendra K | ||
| 245 | 0 | _aInclusive education: Planning and management of curriculum | |
| 260 |
_aNew Delhi _bKanishka Publishers, Distributors _c2019 |
||
| 300 | _a204 p. | ||
| 500 | _a4177 23/11/2021 KPD21/432 23/11/2021 Main Budget | ||
| 942 | _cBK | ||
| 999 |
_c3463 _d3463 |
||